000 00354nam a2200145Ia 4500
008 191201s2006 xx 000 0 und d
082 _a005.74
_bULP
100 _aULLMAN, Jeffey D
245 0 _aPrinciples of Database Systems
250 _a2nd
260 _aN.Delhi
_bGalgotia Pub. Pvt
_c2006
300 _a484
650 _aB.Tech(IT)
942 _2ddc
_cBK
999 _c3046
_d3046